00458nam a22001577a 450000500170000000800410001702000180005804100120007608200120008810000120010024500630011225000180017526000520019330000300024565000250027520250728070010.0250728b |||||||| |||| 00| 0 eng d a9781485153474 aEnglish a349 SOU lEnglish aYearbook of South African Law /cedited by L van de Vijver aFirst Edition aCape Town: bJuta and Company (Pty) Ltd, c2025 bli, 1018 pages ;c25 cm.  aLegal practice bLaw